Catálogo
 En Linea

La humanidad del año 2000 : (Registro nro. 25598)

Detalles MARC
000 -CABECERA
campo de control de longitud fija 00801nam a2200205 a 4500
001 - NÚMERO DE CONTROL
campo de control 000026106
005 - FECHA Y HORA DE LA ÚLTIMA TRANSACCIÓN
campo de control 20200930024316.0
008 - DATOS DE LONGITUD FIJA--INFORMACIÓN GENERAL
campo de control de longitud fija 110301s1970 ve r 000 0 spa d
040 ## - FUENTE DE LA CATALOGACIÓN
Centro catalogador/agencia de origen DO-SdBNP
Lengua de catalogación spa
Centro/agencia transcriptor BNPHU
041 17 - CÓDIGO DE LENGUA
Código de lengua del texto/banda sonora o título independiente spa
Código de lengua original ger
Fuente del código Código de idiomas MARC
082 ## - NÚMERO DE LA CLASIFICACIÓN DECIMAL DEWEY
Número de clasificación nn*
Número de documento/Ítem nn*
049 ## - FONDOS LOCALES (OCLC)
Fondos de biblioteca BNGR
100 1# - ENTRADA PRINCIPAL--NOMBRE DE PERSONA
Nombre de persona Jungk, Robert.
9 (RLIN) 53044
240 10 - TÍTULO UNIFORME
Título uniforme Menschen im jahr 2000.
Lenguaje de la obra Español
245 13 - MENCIÓN DE TÍTULO
Título La humanidad del año 2000 :
Resto del título una visión panorámica de los futuros posibles. Con 20 contribuciones de cientificos conocidos internacionalmente /
Mención de responsabilidad, etc. Robert Jungk ; traducción de Luis García Villafañe.
260 ## - PUBLICACIÓN, DISTRIBUCIÓN, ETC.
Lugar de publicación, distribución, etc. Caracas, Venezuela :
Nombre del editor, distribuidor, etc. Monte Avila,
Fecha de publicación, distribución, etc. 1970.
300 ## - DESCRIPCIÓN FÍSICA
Extensión 351 p. ;
Dimensiones 20 cm.
534 ## - NOTA SOBRE LA VERSIÓN ORIGINAL
Encabezamiento principal del original Título original :
Mención de título del original Menschen im jahr 2000
700 1# - PUNTO DE ACCESO ADICIONAL--NOMBRE DE PERSONA
Nombre de persona García Villafañe. Luis,
Término indicativo de función/relación tr.
9 (RLIN) 53045
Existencias
Estado de retiro Estado de pérdida Restricciones de uso No para préstamo Código de colección Localización permanente Ubicación/localización actual Ubicación en estantería Fecha de adquisición Número de inventario Total de préstamos Signatura topográfica completa Código de barras Fecha visto por última vez Precio válido a partir de Tipo de ítem Koha
        Monografías: Libros y Folletos General General En catalogación 01.03.2011 LF1   nn* nn* 26106-10 25.06.2020 25.06.2020 Préstamo en sala

Con tecnología Koha